000 01470cam a2200433 a 4500
001 20729
003 VRT
005 20260130144353.0
008 160208s1997 xo ra 0000f slo
015 _aSNBA1997/0902526
020 _a8022007404
035 _aSNK000236615
035 _aurn:nbn:sk:snk-amkg9q
035 _aurn:nbn:sk:snk-am008fso
035 _a887D78E4-B7E2-4E9B-8122-5733F60DEB34
039 9 _a202206230900
_bcsnk01
_c202206230900
_dcsnk01
_c202101091011
_dAUTHORITY
_c202101090944
_dAUTHORITY
040 _aSNK
_bslo
_cSNK
_eAACR2
041 1 _aslo
_heng
044 _axo
_cSK
080 _a820 (73)-3
_21981
100 1 _aMcBain, Ed,
_d1926-2005
_4aut
240 1 0 _aRomance
_lSlovensky
245 1 0 _aRomanca
_cEd McBain ; [preklad Jozef Kováč]
250 _a1. vyd.
260 _aBratislava
_bSlovenský spisovateľ
_cc1997
300 _a200 s.
_c21 cm
490 1 _aZelená knižnica
500 _aPreložené z angličtiny
655 7 _aamerické romány
_2SNKPH
655 7 _adetektívne romány
_2SNKPH
700 1 _aKováč, Jozef
_4trl
830 0 _aZelená knižnica
911 _aKN 1997/09
_b02526
942 _2ddc
_cKLDO
_n0
949 _9P60, <09>, [BOOK], {629}
_asnkC 1084
_bsnk2040/970513
949 _617A0063125
_9P60, <03>, [BOOK], {603}
_asnkSC 93018
_bsnkKSP 4624/97
_s6100:20140925
949 _617A0063126
_9P60, <04>, [BOOK], {605}
_asnkSC 93018 D1
_bsnkKSP 4625/97
999 _c20729
_d20729